El cultivo y perspectivas del cerezo y del guindo: curso
Saved in:
| Institution som forfatter: | |
|---|---|
| Format: | Bog |
| Sprog: | spansk |
| Udgivet: |
Talca
Escuela de Agronomía
1991
|
| Fag: | |
| Tags: |
Tilføj Tag
Ingen Tags, Vær først til at tagge denne postø!
|
MARC
| LEADER | 00000nam a2200000 a 4500 | ||
|---|---|---|---|
| 001 | UCV7436 | ||
| 003 | CL-VaPUC | ||
| 008 | 920312e19910000CL |||||||||||||||||spa|d | ||
| 082 | 0 | 4 | |a 634.23 |b UNI |2 21 |
| 110 | 2 | |a Universidad de Talca |e author |9 301560 | |
| 245 | 1 | 3 | |a El cultivo y perspectivas del cerezo y del guindo: curso |
| 300 | |a 69 h | ||
| 942 | |c BK | ||
| 945 | |d 19920312 00:00:00 | ||
| 260 | |a Talca |b Escuela de Agronomía |c 1991 | ||
| 650 | 7 | |a CEREZO |2 CL-VaPUC |9 264837 | |
| 650 | 7 | |a GUINDO |2 CL-VaPUC |9 264838 | |
| 583 | |a last modification |c 19920312 00:00:00 |k Rodrigo Vera | ||
| 999 | |c 213117 |d 213115 | ||
| 952 | |0 0 |1 0 |4 0 |6 634_230000000000000_UNI_1991 |7 0 |8 A |9 195168 |a BIBAGR |b BIBAGR |d 2019-11-14 |i 263256K |o 634.23 UNI 1991 |p 263256K |r 2025-01-20 |w 2019-11-14 |y BK |k AGR | ||
| 952 | |0 0 |1 1 |2 ddc |4 0 |6 634_230000000000000_UNI_1991 |7 0 |8 A |9 195169 |a BIBAGR |b BIBAGR |d 2019-11-14 |i 450447K |o 634.23 UNI 1991 |p 450447K |r 2019-11-14 |w 2019-11-14 |y BK |k AGR | ||